Statistiques concernant Les Claude célèbres

Cliquez ici pour prendre le quiz!

Statistiques générales

  • Ce quiz a été pris 205 fois
  • Le résultat moyen est 10 sur 30

Statistiques - réponses

Indice 1Indice 2Nom% Correct
chanteur (1939-1978)"Clo Clo"François
95%
chanteur (1929-2004)ToulouseNougaro
79%
(1912-2007)épouse d'un Président de la République prénommé GeorgesPompidou
70%
chanteur italien (1953)le ritalBarzotti
66%
réalisateur (1937)un homme et une femmeLelouch
66%
acteur (1936)de son vrai nom Claude EspinasseBrasseur
53%
actrice (1927-2016)associée à Louis De Funés dans de nombreux films dont la série des Gendarmes de St-TropezGensac
50%
footballeur(1973 à Kinshasa)Nantes - Marseille - Madrid- Chelsea - PSGMakelele
48%
acteur (1923-2006)les ShadoksPieplu
46%
réalisateur (1924-2000)les choses de la vie - César et RosalieSautet
46%
réalisateur (1930-2010)que la bête meure - le boucherChabrol
43%
réalisateur (1934)l'aile ou la cuisse - les ripoux - inspecteur la bavureZidi
43%
réalisateur (1901-2000)la traversée de ParisAutant-Lara
34%
footballeur,entraineur (1961)Monaco (joueur) - Lille,Lyon,Nice (entraineurPuel
34%
musicien (1862-1918)prélude à l’après-midi d’un fauneDebussy
32%
réalisateur (1934-2009)de son vrai nom Claude Berel LangmannBerri
31%
acteur (1929)césar du meilleur acteur pour Le Souper (1993)Rich
30%
réalisateur (1925-2012)le silencieux - la gifle - la boumPinoteau
25%
chanteuse belge (1960)de son vrai nom Claudine LuypaertsMaurane
21%
homme politique (1945)ancien ministre de l'Intérieur (2011-2012)Gueant
20%
journaliste (1950)a présenté le JT sur France 2Serillon
17%
biologiste, médecin (1813-1878)fondateur de la médecine expérimentaleBernard
14%
pianiste de jazz (1930)chef d'orchestre - compositeurBolling
9%
réalisateur (1918-1992)"Belphegor ou le fantôme du Louvre" (1965 TV)Barma
7%
journaliste - présentateur de TV (1910-1992)la vie des animaux avec Frédéric Rossif (1952-1968)Darget
5%
acteur (1903-1978)frère de Jean NohainDauphin
5%
musicien (1923-2006)clarinettiste de jazzLuter
5%
acteur (1943-2007)second rôle incontournable au cinéma, à la télévision et au théâtre depuis les années 1970Brosset
2%
athlète olympique (1939)100 et 200 mètresPiquemal
2%
réalisateur (1923-2001)le théâtre de la jeunesse (TV)Santelli
2%

Distribution des résultats

Percentile par nombre de réponses

% des personnes avec chaque résultat

Votre développement - résultats

Vous n’avez pas pris ce quiz